|
|
|
|
| LEADER |
00000nam0a2200000 4500 |
| 001 |
371788 |
| 005 |
20231102012420.0 |
| 035 |
|
|
|a (RuTPU)RU\TPU\retro\29198
|
| 090 |
|
|
|a 371788
|
| 100 |
|
|
|a 20221114d1978 km y0rusy50 ca
|
| 101 |
0 |
|
|a rus
|
| 102 |
|
|
|a EE
|
| 105 |
|
|
|a a z 001zy
|
| 200 |
1 |
|
|a Распылители жидкого топлива, изготовленные методом порошковой металлургии
|f Л. Вальдма
|
| 210 |
|
|
|a Таллин
|c Валгус
|d 1978
|
| 215 |
|
|
|a 116 с.
|c ил.
|
| 225 |
1 |
|
|a Наука - промышленности
|
| 320 |
|
|
|a Библиогр.: с. 110-114
|
| 606 |
1 |
|
|a Топливо жидкое
|x Распыление
|x Расчет
|2 stltpush
|3 (RuTPU)RU\TPU\subj\33486
|9 55711
|
| 610 |
1 |
|
|a способы
|
| 610 |
1 |
|
|a распылители
|
| 610 |
1 |
|
|a центробежный распылитель
|
| 610 |
1 |
|
|a износ
|
| 610 |
1 |
|
|a срок службы
|
| 610 |
1 |
|
|a повышение
|
| 610 |
1 |
|
|a спеченные элементы
|
| 675 |
|
|
|a 662.94
|v 4
|
| 700 |
|
1 |
|a Вальдма
|b Л.
|g Лео
|
| 801 |
|
1 |
|a RU
|b 63413507
|c 20221114
|
| 942 |
|
|
|c BK
|